Statistiken für Werkzeuge erkennen

Klicken Sie hier um das Quiz zu spielen!

Allgemein

  • Dieses Quiz wurde 910 mal gespielt
  • Das Durchschnittsergebnis liegt bei 17 aus 26

Antwortstatistiken

Antwort% Korrekt
Pinzette
97%
Zirkel
97%
Wasserwaage
96%
Schraubendreher
93%
Amboss
90%
Nageleisen
89%
Mörser
88%
Spachtel
88%
Schleifpapier
84%
Gummihammer
83%
Cuttermesser
80%
Sichel
80%
Bohrer
78%
Schraubenschlüssel
71%
Beil
69%
Raspel
67%
Bit
61%
Lötkolben
57%
Ratsche
53%
Kreuzschlüssel
45%
Seitenschneider
37%
Laubsäge
36%
Dietrich
15%
Feststellzange
13%
Rohrreinigungsspirale
5%
Drucklufthammer
4%

Verteilung der Resultate

Perzentil nach korrekt beantworteten Fragen

Anzahl Personen mit jedem Resultat

Ihre Resultats-Entwicklung

Sie haben dieses Quiz noch nicht gespielt